Statistics for Prefix svenska

Click here to take the quiz!

General Stats

  • This quiz has been taken 3 times
  • The average score is 31 of 144

Answer Stats

HintAnswer% Correct
Annoår
100%
Aeroluft
100%
Ambi | Amfibåda
67%
Dysdålig
67%
A | Ab | An | +3 othersej
67%
Pergenom
67%
Inin
67%
Vedermot
67%
Dekatio
67%
Akva | Hydrovatten
67%
Omni | Panallt
33%
Terabiljon
33%
Hemablod
33%
Mort | Nekrodöd
33%
Postefter
33%
Mono | Unien
33%
Pentafem
33%
Telefjärran
33%
Aviaflyg
33%
Demo | Populfolk
33%
Ante | Preföre
33%
Hemi | Semihalv
33%
Kardiohjärta
33%
Patoskänsla/lidande
33%
Homolik
33%
Ekvi | Isolika
33%
Mikroliten
33%
Bio | Vitaliv
33%
Fonljud
33%
Gastromage
33%
Polymånga
33%
Gigamiljard
33%
Nomennamn
33%
Neuronerv
33%
Neo | Novny
33%
Oftamo | Okulaöga
33%
Periomkring
33%
Otoöra
33%
Hyper | Super, Superöver
33%
Aktrespekt, hänsyn
33%
Mobilrörlig
33%
Autosjälv
33%
Litsten
33%
Astrostjärna
33%
Makrostor
33%
Kron | Temptid
33%
Decitiondel
33%
Tritre
33%
Bi | Di, dikotvå
33%
Hypo | Subunder
33%
Exut
33%
Herbväxt
33%
Herearv
0%
Graf, grambild och skrift
0%
Vid, Vittbred, brett
0%
Parabredvid, mot
0%
Bibredvid, solo
0%
Maldålig, elak, felaktig
0%
Tomodela
0%
Disej, isär
0%
Euroeuropeiska unionen
0%
Psuedofalsk
0%
Multiflera, många
0%
Natfödsel
0%
Proför, före
0%
Diagenom, mellan
0%
Begöra till, bli till
0%
Teogud
0%
Encehjärn
0%
Endoinifrån
0%
Intrainnanför
0%
Egojag
0%
Geo | Terrajord, mark
0%
Karnekött, kropp
0%
Korp | Somakropp
0%
Pass, patlidande
0%
Finliten, noggrann
0%
Audiljud, röst
0%
Koll, kom, kon, korrmed, samman
0%
Intermellan
0%
Ultramer än, utöver
0%
Megamiljon, stor
0%
Memminne
0%
Antimot, ej
0%
Kontramot, emot
0%
Ob, opmot, över
0%
Genmot, tillbaka
0%
Bravnågot skickligt
0%
Kvasinästan
0%
Infranedanför, under
0%
Icke | Onegation
0%
Heteroolikartad
0%
Tra, transöver till andra sidan
0%
Epipå, efter
0%
Topplats, ställe
0%
Ortorätt, rät
0%
Verirätt, sann
0%
Sym, synsamman, med
0%
Skop | Spektse
0%
Sekskära, dela
0%
Gensläkt
0%
Anasönder
0%
Statstilla, ställning
0%
Oratala
0%
Kogntänka, känna igen
0%
Kolotarm
0%
Re | Retrotillbaka, åter
0%
Ad, af, aktill, mot
0%
Stenotrång, smal, knapp
0%
Höguppblåst, nedlåtande
0%
Ex, eur, bort, ut
0%
Arkursprunglig, gammal
0%
Exoutåt
0%
Euväl, bra
0%
Hårväldigt liten
0%
Valvärde
0%
Termvärme
0%
Realverklig
0%

Score Distribution

Percentile by Number Answered

Percent of People with Each Score

Your Score History

You have not taken this quiz